Alphabetical Europe Quiz Stats

 Plays Quiz not verified by Sporcle

Score 0/27 Timer 05:00
0 Plays Today
Country % Correct
Netherlands
100%
Greece
72.7%
Germany
63.6%
Slovakia
63.6%
Belgium
60.6%
Romania
54.5%
Hungary
51.5%
Denmark
51.5%
Ireland
51.5%
Finland
51.5%
Portugal
45.5%
Slovenia
45.5%
Luxembourg
42.4%
Spain
42.4%
Country % Correct
United Kingdom
39.4%
Italy
39.4%
Cyprus
36.4%
France
36.4%
Austria
33.3%
Poland
33.3%
Latvia
30.3%
Sweden
30.3%
Lithuania
30.3%
Czech Republic
27.3%
Bulgaria
27.3%
Malta
27.3%
Estonia
24.2%

You're not logged in!

Compare scores with friends on all Sporcle quizzes.
OR
Log In

Show Comments

Extras

Top Quizzes Today


Score Distribution

Your Account Isn't Verified!

In order to create a playlist on Sporcle, you need to verify the email address you used during registration. Go to your Sporcle Settings to finish the process.

Report this User

Report this user for behavior that violates our Community Guidelines.

Details: